Guía para el cultivo y aprovechamiento del Bore : (Registro nro. 5235)

Detalles MARC
000 -CABECERA
Campo de control 01292cam a2200325 i 4500
005 - FECHA Y HORA DE LA ULTIMA TRANSACCION
Campo de control 20160113035628.0
008 - ELEMENTOS DE LONGITUD FIJA—INFORMACION GENERAL
Campo de control 050623s2002 ck ado r 00 00spa d
020 ## - ISBN
ISBN 9586980871
040 ## - FUENTE DE CATALOGACIÓN
Agencia catalogadora original CO-BoPUJ
Agencia transcriptora CO-BoIAVH
Agencia Modificadora CO-BoIAVH
041 0# - IDIOMA
Código de idioma para texto/pista de sonido o título separado Español
044 ## - PAÍS DE PUBLICACIÓN
País de publicación Colombia
082 04 - NUMERO DE CLASIFICACION DECIMAL DEWEY
Número de clasificación 633.39
Número del ítem G56g
100 1# - ASIENTO PRINCIPAL--NOMBRE PERSONAL
Nombre personal Gómez, María Elena
9 (RLIN) 3776
245 10 - MENCION DE TITULO
Título Guía para el cultivo y aprovechamiento del Bore :
Parte restante del título Alocasia macorrhiza (Linneo) Schott /
Mención de responsabilidad María Elena Gómez y Luis Enrique Acero Duarte ; edición Henry Yesid Bernal ; ilustraciones Luis Aurelio Durán D.
260 ## - PUBLICACION, DISTRIBUCION, ETC. (PIE DE IMPRENTA)
Lugar de publicación, distribución, etc. Bogotá :
Nombre del editor, distribuidor, etc. Convenio Andrés Bello,
Fecha de publicación, distribución, etc. 2002.
300 ## - DESCRIPCION FISICA
Extensión 43 páginas :
Otros detalles físicos ilustraciones, diagramas y fotos ;
Dimensiones 28 cm.
490 00 - MENCION DE SERIE
Mención de serie Ciencia y tecnología ;
Designación numérica/secuencial del volumen 101
504 ## - NOTA DE BIBLIOGRAFIA, ETC.
Nota de bibliografía Incluye referencias bibliográficas .
650 14 - ASIENTO SECUNDARIO DE MATERIA - TERMINO TEMATICO
Término temático o nombre geográfico como elemento de entrada Plantas forrajeras
Subdivisión general Cultivo
9 (RLIN) 50133
650 24 - ASIENTO SECUNDARIO DE MATERIA - TERMINO TEMATICO
Término temático o nombre geográfico como elemento de entrada Bore
Subdivisión general Cultivo
9 (RLIN) 50134
650 24 - ASIENTO SECUNDARIO DE MATERIA - TERMINO TEMATICO
Término temático o nombre geográfico como elemento de entrada Bore
Subdivisión general Cosecha
9 (RLIN) 50135
650 24 - ASIENTO SECUNDARIO DE MATERIA - TERMINO TEMATICO
Término temático o nombre geográfico como elemento de entrada Bore
Subdivisión general Usos
9 (RLIN) 50136
650 24 - ASIENTO SECUNDARIO DE MATERIA - TERMINO TEMATICO
Término temático o nombre geográfico como elemento de entrada Cultivos alimenticios
9 (RLIN) 50137
650 24 - ASIENTO SECUNDARIO DE MATERIA - TERMINO TEMATICO
Término temático o nombre geográfico como elemento de entrada Alimentos para animales
9 (RLIN) 1476
700 1# - ASIENTO SECUNDARIO - NOMBRE PERSONAL
Nombre personal Acero Duarte, Luis Enrique,
Fechas asociadas con el nombre 1952-,
Término de relación autor
9 (RLIN) 50138
700 1# - ASIENTO SECUNDARIO - NOMBRE PERSONAL
Nombre personal Bernal Malagón, Henry Yesid,
Término de relación editor
9 (RLIN) 50139
700 1# - ASIENTO SECUNDARIO - NOMBRE PERSONAL
Nombre personal Durán D., Luis Aurelio,
Término de relación ilustrador.
9 (RLIN) 50140
710 2# - ASIENTO SECUNDARIO - NOMBRE CORPORATIVO
Nombre corporativo o de jurisdicción como elemento de entrada Convenio Andrés Bello
9 (RLIN) 3230
942 ## - ELEMENTOS ADICIONALES (KOHA)
Sistema de clasificación Dewey Decimal Classification
Tipo de ítem Libro
Existencias
Withdrawn status Lost status Sistema de Clasificación Damaged status No para préstamo Colección Inventariado Ubicación Permanente Ubicación actual Fecha de adquisición Fuente de Valor Valor Total Checkouts Número topográfico Inventario / Código de Barras Date last seen Ejemplar Price effective from Forma de adquisición Tipo de material
    Dewey Decimal Classification     General Inventariado 2017 Bogotá Bogotá 04/02/2005 Instituto 15000.00   LB-633.39 G56g 004855 04/12/2012 Ej. 1 04/12/2012   Libro
    Dewey Decimal Classification     General Inventariado 2017 Sala Fabio Quevedo Sala Fabio Quevedo 04/02/2005 Instituto 15000.00   LB-633.39 G56g 004856 04/12/2012 Ej. 2 04/12/2012   Libro